| 000 | nam a22 7a 4500 | ||
|---|---|---|---|
| 999 |
_c127192 _d127192 |
||
| 008 | 171107b xxu||||| |||| 00| 0 eng d | ||
| 050 | _aHX291.G7 | ||
| 100 |
_aGramsci, Antonio _929740 |
||
| 245 |
_aThe modern prince and other writings _c/ Antonio Gramsci |
||
| 260 |
_aNew York _bInternational Publishers _c1957 |
||
| 300 |
_a192p. ; _c21cm. |
||
| 650 |
_aSocialism _919902 |
||
| 650 |
_aCommunism _zItaly _937434 |
||
| 650 |
_aPolitical Science _937435 |
||
| 700 |
_aMarks, Louis _etr. _937436 |
||
| 942 |
_2lcc _cMONOGRAPH |
||